000 00417 a2200157 4500
005 20250616090546.0
020 _a978-0-13-216844-1
082 _a519.5 BER
100 _aBERENSON, M.
245 _aBasic Business Statistics
250 _a12th Ed.
260 _aCanada,
_bPearson,
_c2012.
300 _axxiii, 819p.; ill.; figure, picture
_bIndex
_c27cm
700 _aLEVINE, D. M. & KREHBIEL, T. C.
942 _2ddc
_cBKS
999 _c4096
_d4096